<?xml version="1.0" encoding="UTF-8"?>
<record
    xmlns:xsi="http://www.w3.org/2001/XMLSchema-instance"
    xsi:schemaLocation="http://www.loc.gov/MARC21/slim http://www.loc.gov/standards/marcxml/schema/MARC21slim.xsd"
    xmlns="http://www.loc.gov/MARC21/slim">

  <leader>00772nam a22001817a 4500</leader>
  <controlfield tag="008">110913s1993    ua|||||r|||| 00| 0 ara d</controlfield>
  <datafield tag="020" ind1=" " ind2=" ">
    <subfield code="a">9775140455</subfield>
  </datafield>
  <datafield tag="082" ind1=" " ind2=" ">
    <subfield code="2">22</subfield>
    <subfield code="a">270.962</subfield>
    <subfield code="b">&#x642; &#x644; &#x627;</subfield>
  </datafield>
  <datafield tag="100" ind1=" " ind2=" ">
    <subfield code="9">27167</subfield>
    <subfield code="a">&#x642;&#x644;&#x627;&#x62F;&#x629; &#x60C; &#x648;&#x644;&#x64A;&#x645; &#x633;&#x644;&#x64A;&#x645;&#x627;&#x646;</subfield>
  </datafield>
  <datafield tag="245" ind1=" " ind2=" ">
    <subfield code="a">&#x627;&#x644;&#x645;&#x633;&#x64A;&#x62D;&#x64A;&#x629; &#x648;&#x627;&#x644;&#x625;&#x633;&#x644;&#x627;&#x645; &#x641;&#x64A; &#x645;&#x635;&#x631; :</subfield>
    <subfield code="b">&#x648;&#x62F;&#x631;&#x627;&#x633;&#x627;&#x62A; &#x623;&#x62E;&#x631;&#x649; /</subfield>
    <subfield code="c">&#x648;&#x644;&#x64A;&#x645; &#x633;&#x644;&#x64A;&#x645;&#x627;&#x646; &#x642;&#x644;&#x627;&#x62F;&#x629;</subfield>
  </datafield>
  <datafield tag="260" ind1=" " ind2=" ">
    <subfield code="a">&#x627;&#x644;&#x642;&#x627;&#x647;&#x631;&#x629; :</subfield>
    <subfield code="b">&#x633;&#x64A;&#x646;&#x627; &#x644;&#x644;&#x646;&#x634;&#x631;&#x60C;  1993</subfield>
    <subfield code="c">1993</subfield>
  </datafield>
  <datafield tag="300" ind1=" " ind2=" ">
    <subfield code="a">302 &#x635; &#x61B;</subfield>
    <subfield code="c">24 &#x633;&#x645;</subfield>
  </datafield>
  <datafield tag="650" ind1=" " ind2=" ">
    <subfield code="9">15435</subfield>
    <subfield code="a">&#x627;&#x644;&#x645;&#x633;&#x64A;&#x62D;&#x64A;&#x629;</subfield>
    <subfield code="z">&#x645;&#x635;&#x631;</subfield>
  </datafield>
  <datafield tag="650" ind1=" " ind2=" ">
    <subfield code="9">11306</subfield>
    <subfield code="a">&#x627;&#x644;&#x625;&#x633;&#x644;&#x627;&#x645; &#x648;&#x627;&#x644;&#x645;&#x633;&#x64A;&#x62D;&#x64A;&#x629;</subfield>
    <subfield code="z">&#x645;&#x635;&#x631;</subfield>
  </datafield>
  <datafield tag="653" ind1=" " ind2=" ">
    <subfield code="b">General</subfield>
  </datafield>
  <datafield tag="942" ind1=" " ind2=" ">
    <subfield code="2">ddc</subfield>
    <subfield code="c">BB</subfield>
  </datafield>
  <datafield tag="999" ind1=" " ind2=" ">
    <subfield code="c">16021</subfield>
    <subfield code="d">16021</subfield>
  </datafield>
  <datafield tag="952" ind1=" " ind2=" ">
    <subfield code="0">0</subfield>
    <subfield code="1">0</subfield>
    <subfield code="2">ddc</subfield>
    <subfield code="4">0</subfield>
    <subfield code="7">0</subfield>
    <subfield code="8">Alef-Baa</subfield>
    <subfield code="a">MAIN</subfield>
    <subfield code="b">MAIN</subfield>
    <subfield code="c">LOW</subfield>
    <subfield code="d">2011-09-13</subfield>
    <subfield code="e">purchase</subfield>
    <subfield code="o">270.962 &#x642; &#x644; &#x627;</subfield>
    <subfield code="p">000024726</subfield>
    <subfield code="r">2025-07-15 00:00:00</subfield>
    <subfield code="y">BB</subfield>
  </datafield>
</record>
